00681 2200205 4500001002100000005001700021008004100038035002400079040001200103082001000115090001900125100002100144245014300165260004200308300003900350500001600389504002500405650002700430990001800457YOGYA-0113000000075720130111081304.0 ind  0010-011300000000757 aYOPDYOG a625.3 aSK 625.3 Tau K aTAUHID KURNIAWAN aKajian penambahan jadwal operasi KA Taksaka terhadap kinerja operasi dan evaluasi nilai finansial kelambatan/disusun oleh Tauhid Kurniawan aYogyakartabFakultas Teknik UGMc2005 aX, 52, (27) lbrbilus, lampc29 cm aSkripsi UGM aBibliografi (lbr.53) aKereta api - manajemen a42763-PD/A.12